Statistiques concernant 100 meilleurs joueurs Fortnite Monde Earning

Cliquez ici pour prendre le quiz!

Statistiques générales

  • Ce quiz a été pris 42 fois
  • Le résultat moyen est 14 sur 100

Statistiques - réponses

RankJoueurPaysEarning% Correct
6BughaUSA$648,667
88%
30MongraalRoyaume Uni$330,326
84%
20AndilexFrance$437,854
75%
28MrsavageNorvége$347,355
75%
17MalibucaRussie$477,415
66%
70NayteFrance$194,261
66%
1TaysonSlovénie$1,060,019
66%
56KingBrésil$240,415
56%
15VenoRoyaume Uni$510,490
56%
2ThomasHDDanemark$883,662
50%
3QueasySerbie$788,452
47%
9KamiPologne$614,300
41%
12MeroUSA$539,495
41%
10SettyPologne$544,710
41%
58SnayzyFrance$222,074
41%
80FlokiFrance$172,952
38%
68ClémentFrance$198,392
31%
23EpikWhaleUSA$415,858
31%
14VadealAllemagne$511,815
28%
604zrSuisse$216,266
25%
42ClixUSA$268,600
25%
13KhanadaUSA$519,335
25%
35MitroPays Bas$316,811
25%
38PinqRoyaume Uni$307,632
25%
8AquaAutriche$630,709
22%
19Rezon ayAllemagne$448,180
22%
54XsweezeFrance$245,049
19%
5HenRoyaume Uni$710,473
16%
36NoahreyliSuisse$314,370
16%
40PeterbotUSA$283,485
16%
86VicoAutriche$165,850
16%
7ChapixSuède$634,558
13%
52DécyptosFrance$247,563
13%
4JannisZAllemagne$778,262
13%
99MariusDanemark$148,275
13%
33TrulexSerbie$325,395
13%
18AnasDanemark$457,567
9%
50FlikkDanemark$250,972
9%
29StormyriteUkraine$340,505
9%
78DubsUSA$176,820
6%
24KiryacheRussie$415,496
6%
16MerstatchLettonie$480,855
6%
44ReetUSA$260,669
6%
85SwizzyRussie$169,140
6%
48WolfiezRoyaume Uni$254,125
6%
74ZexrowUSA$182,085
6%
11AcornCanada$544,638
3%
26ColdUSA$370,075
3%
100EdRoadToGloryBrésil$147,987
3%
47EndrettaNorvége$257,920
3%
64EomzoCanada$205,812
3%
88FastrokiAllemagne$164,193
3%
37MackwoodUSA$311,863
3%
57NebsRoyaume Uni$223,182
3%
53PutrickRussie$246,375
3%
59RefsgaardDanemark$217,275
3%
21StompyAutriche$435,453
3%
83ThreatsUSA$170,312
3%
41TooseRussie$281,781
3%
32TrippernnDanemark$325,905
3%
31AjerssUSA$329,475
0%
92AspectUSA$155,630
0%
43AveryCanada$265,455
0%
62BuckeUSA$208,315
0%
76CabuBrésil$179,275
0%
25CentedCanada$400,011
0%
94ChicoBosnie-Herzégovine$154,700
0%
27CommandmentUSA$369,946
0%
96CrrRoyaume Uni$152,315
0%
82DegenUSA$171,225
0%
39DeyyUSA$286,400
0%
34DukezUSA$324,150
0%
22EdgeyUSA$420,856
0%
71FavsCanada$187,069
0%
98FishyArgentine$149,817
0%
87FlowisDanemark$164,230
0%
63FrostyBrésil$207,210
0%
75FuriousUSA$180,085
0%
89HellfireDanemark$161,955
0%
49JahqUSA$251,787
0%
45JamperUSA$259,797
0%
90JurekyCroatie$159,090
0%
67KingzeraBrésil$199,417
0%
84KitozBrésil$170,045
0%
66KurtzBrésil$200,785
0%
95MuzUSA$153,820
0%
81PaMstouCanada$172,642
0%
61PhzinBrésil$214,259
0%
77PolloUSA$177,525
0%
93RedleeBrésil$154,915
0%
46RehxUSA$259,718
0%
69RiseUSA$196,982
0%
73SkqttlesUSA$182,960
0%
72SkramDanemark$184,465
0%
51SlackesUSA$249,927
0%
91SnackzyMexique$156,499
0%
55StretchUSA$242,314
0%
65TragixUSA$204,725
0%
79VolxAustralie$173,095
0%
97WorthyAutsralie$150,061
0%

Distribution des résultats

Percentile par nombre de réponses

% des personnes avec chaque résultat

Votre développement - résultats

Vous n’avez pas pris ce quiz